Statistics for College Football Spelling Bee

Click here to take the quiz!

General Stats

  • This quiz has been taken 59 times
  • The average score is 10 of 15

Answer Stats

QuestionAnswer% Correct
Kyler _______. Oklahoma QB #1Murray
98%
Bo ___. Auburn QB #10Nix
94%
________ Lamb. Oklahoma WR #2CeeDee
88%
David ______. Purdue QB #11Blough
86%
Trevor _________. Clemson QB #16Lawrence
86%
Master _______. Ohio State RB #33Teague
86%
_________ Henry. Alabama RB #2Derrick
84%
Jerry __________. Alabama WR #4Jeudy
82%
Johnny ________. Texas A&M QB #2Manziel
82%
Tua _______________. Alabama QB #13Tagovailoa
78%
Sam __________. Texas QB #11Ehlinger
74%
______ Moss. Utah RB #2Zack
42%
_______ Hubbard. Oklahoma State RB #30Chuba
34%
______ Flemister. Notre Dame RB #20C'Bo
20%
Semisi ____________. Purdue DE #97Fakasiieiki
6%

Score Distribution

Percentile by Number Answered

Percent of People with Each Score

Your Score History

You have not taken this quiz